[Event "Mediteranian Flower WGM"]
[Site "Rijeka CRO"]
[Date "2006.03.15"]
[Round "6.1"]
[White "Medic, Mirjana"]
[Black "Gromova, Iulia"]
[Result "1/2-1/2"]
[WhiteElo "2239"]
[BlackElo "2198"]
[PlyCount "60"]
[EventDate "2006.03.11"]
[EventType "tourn"]
[EventRounds "9"]
[EventCountry "CRO"]
[Source "lmi"]
[SourceDate "2006.03.21"]

1. d4 Nf6 2. Nf3 g6 3. c4 Bg7 4. Nc3 O-O 5. g3 d5 6. cxd5 Nxd5 7. Bg2 Nxc3 8.
bxc3 c5 9. O-O Nc6 10. Be3 Be6 11. Qd2 cxd4 12. Nxd4 Nxd4 13. Bxd4 Bd5 14. Bxd5
Qxd5 15. Qe3 Bxd4 16. cxd4 Rfd8 17. Rfd1 Rac8 18. Rd2 e6 19. Rad1 Rc6 20. Qd3
Qc4 21. Qxc4 Rxc4 22. e3 Kf8 23. Kf1 Ke7 24. Ke2 Rdc8 25. Rb1 b6 26. Rb3 Rc3
27. Rbb2 Rc1 28. h4 h5 29. Rb3 R8c3 30. Rdb2 Rc4 1/2-1/2

[Event "Mediteranian Flower WGM"]
[Site "Rijeka CRO"]
[Date "2006.03.15"]
[Round "6.2"]
[White "Krivec, Jana"]
[Black "Golubenko, Valentina"]
[Result "0-1"]
[WhiteElo "2299"]
[BlackElo "2146"]
[PlyCount "40"]
[EventDate "2006.03.11"]
[EventType "tourn"]
[EventRounds "9"]
[EventCountry "CRO"]
[Source "lmi"]
[SourceDate "2006.03.21"]

1. e4 c5 2. Nf3 e6 3. d4 cxd4 4. Nxd4 Nf6 5. Nc3 d6 6. Bc4 Be7 7. g4 O-O 8. g5
Nxe4 9. Nxe4 d5 10. Nf6+ Bxf6 11. gxf6 dxc4 12. fxg7 Re8 13. Qg4 e5 14. Nf5 Qf6
15. Ne7+ Qxe7 16. Qh5 Nc6 17. c3 e4 18. Be3 Ne5 19. h3 Qh4 20. Qe2 Bg4 0-1

[Event "Mediteranian Flower WGM"]
[Site "Rijeka CRO"]
[Date "2006.03.15"]
[Round "6.3"]
[White "Corke, Anya"]
[Black "Franciskovic, Borka"]
[Result "1/2-1/2"]
[WhiteElo "2216"]
[BlackElo "2123"]
[PlyCount "125"]
[EventDate "2006.03.11"]
[EventType "tourn"]
[EventRounds "9"]
[EventCountry "CRO"]
[Source "lmi"]
[SourceDate "2006.03.21"]

1. d4 e6 2. Nf3 Nf6 3. Bg5 c5 4. e3 Be7 5. c3 b6 6. Bd3 Bb7 7. Nbd2 cxd4 8.
exd4 d6 9. Qe2 Nbd7 10. O-O O-O 11. a4 a6 12. Nc4 Qc7 13. Nfd2 Rfe8 14. Ne3 e5
15. Bxf6 Bxf6 16. d5 g6 17. a5 bxa5 18. Ndc4 Bg5 19. Nxa5 Bxe3 20. Qxe3 Bxd5
21. c4 Be6 22. b4 Rab8 23. Rfb1 Nb6 24. Rc1 Nd7 25. Rab1 f5 26. Qd2 Bf7 27. c5
dxc5 28. Bxa6 Nf6 29. Qe2 Ne4 30. f3 Nf6 31. Bb5 Rec8 32. Rxc5 Qa7 33. Nc6 Rxc6
34. Bxc6 Rxb4 35. Rbc1 e4 36. Qf2 Qa3 37. R5c3 Rb3 38. Qd2 Qa7+ 39. Kh1 e3 40.
Qd8+ Kg7 41. Rxb3 Bxb3 42. Bb5 Bf7 43. Qd3 f4 44. Qc3 Qa2 45. Ra1 Qe6 46. Ra6
Qe7 47. Be2 h6 48. Qd4 g5 49. h3 Kg6 50. Bd3+ Kg7 51. Be2 Kg6 52. Kg1 Be6 53.
Ra7 Bd7 54. Bd3+ Kf7 55. Bb5 e2 56. Bc4+ Kg6 57. Bd3+ Kf7 58. Bc4+ Kg6 59. Bd3+
Kf7 60. Bxe2 Qxe2 61. Rxd7+ Nxd7 62. Qxd7+ Kf6 63. Qc6+ 1/2-1/2

[Event "Mediteranian Flower WGM"]
[Site "Rijeka CRO"]
[Date "2006.03.15"]
[Round "6.4"]
[White "Sargac, Rajna"]
[Black "Ionica, Iulia-Ionela"]
[Result "0-1"]
[WhiteElo "2233"]
[BlackElo "2234"]
[PlyCount "120"]
[EventDate "2006.03.11"]
[EventType "tourn"]
[EventRounds "9"]
[EventCountry "CRO"]
[Source "lmi"]
[SourceDate "2006.03.21"]

1. d4 Nf6 2. Nf3 e6 3. e3 b6 4. Bd3 Bb7 5. O-O g6 6. c4 Bg7 7. Nc3 O-O 8. e4 c5
9. d5 d6 10. Bc2 exd5 11. exd5 Na6 12. h3 Nc7 13. Bg5 Qd7 14. Ba4 Qf5 15. Re1
Ba6 16. Re7 Qc8 17. Qd3 Kh8 18. Rae1 Ng8 19. R7e2 b5 20. cxb5 Bb7 21. Bb3 Rb8
22. a4 Qd7 23. Bc4 Rfe8 24. a5 h6 25. Bd2 Rxe2 26. Rxe2 Re8 27. b6 axb6 28.
axb6 Rxe2 29. Nxe2 Na8 30. Nf4 Nxb6 31. Nh4 Ne7 32. Bc3 Nxc4 33. Qxc4 g5 34.
Bxg7+ Kxg7 35. Qc3+ Kf8 36. Nh5 Nxd5 37. Qh8+ Ke7 38. Nf3 Qe6 39. Ng7 Qg6 40.
Qb8 Bc6 41. Qc8 Bd7 42. Qh8 Nf4 43. Kh2 Bc6 44. Nd2 Nxg2 45. Qxh6 Qxh6 46. Nf5+
Ke6 47. Nxh6 f5 48. Kg3 Nf4 49. f3 Nd3 50. b3 Kf6 51. Nc4 d5 52. Nd6 Bd7 53.
Nb7 Kg7 54. Nxf5+ Bxf5 55. h4 gxh4+ 56. Kxh4 Kf6 57. f4 c4 58. bxc4 dxc4 59.
Na5 c3 60. Nb3 c2 0-1

[Event "Mediteranian Flower WGM"]
[Site "Rijeka CRO"]
[Date "2006.03.15"]
[Round "6.5"]
[White "Sudakova, Irina"]
[Black "Pokorna, Regina"]
[Result "1-0"]
[WhiteElo "2358"]
[BlackElo "2338"]
[PlyCount "91"]
[EventDate "2006.03.11"]
[EventType "tourn"]
[EventRounds "9"]
[EventCountry "CRO"]
[Source "lmi"]
[SourceDate "2006.03.21"]

1. e4 e5 2. Nf3 Nc6 3. Bb5 a6 4. Ba4 Nf6 5. O-O Be7 6. Re1 b5 7. Bb3 O-O 8. c3
d6 9. h3 Na5 10. Bc2 c5 11. d4 Qc7 12. Nbd2 Bd7 13. Nf1 Nc4 14. b3 Nb6 15. Bb2
c4 16. Ba3 Rfe8 17. Ng3 Bf8 18. Qd2 a5 19. Rad1 cxb3 20. axb3 a4 21. Bb4 Be6
22. d5 Bd7 23. Ra1 Rec8 24. Ra2 g6 25. Rea1 Be8 26. Qe3 Bd7 27. Ne1 Qd8 28. Nd3
h5 29. Nb2 h4 30. Ne2 Nfxd5 31. exd5 Nxd5 32. Qd2 Nxb4 33. cxb4 Be6 34. bxa4
Bxa2 35. Rxa2 bxa4 36. Be4 Rab8 37. Bd5 Qc7 38. Nxa4 Rb5 39. Qd3 Rxb4 40. Qxg6+
Bg7 41. Nac3 Kf8 42. Qf5 Rcb8 43. Ne4 Rb2 44. Ng5 Qe7 45. Bxf7 Bf6 46. Qg6 1-0

[Event "Mediteranian Flower WGM"]
[Site "Rijeka CRO"]
[Date "2006.03.16"]
[Round "7.1"]
[White "Pokorna, Regina"]
[Black "Medic, Mirjana"]
[Result "1/2-1/2"]
[WhiteElo "2338"]
[BlackElo "2239"]
[PlyCount "23"]
[EventDate "2006.03.11"]
[EventType "tourn"]
[EventRounds "9"]
[EventCountry "CRO"]
[Source "lmi"]
[SourceDate "2006.03.21"]

1. e4 e6 2. d4 d5 3. Nd2 dxe4 4. Nxe4 Bd7 5. Nf3 Bc6 6. Bd3 Bxe4 7. Bxe4 c6 8.
O-O Nf6 9. Bd3 Bd6 10. c4 O-O 11. b3 Nbd7 12. Bb2 1/2-1/2

[Event "Mediteranian Flower WGM"]
[Site "Rijeka CRO"]
[Date "2006.03.16"]
[Round "7.2"]
[White "Ionica, Iulia-Ionela"]
[Black "Sudakova, Irina"]
[Result "0-1"]
[WhiteElo "2234"]
[BlackElo "2358"]
[PlyCount "88"]
[EventDate "2006.03.11"]
[EventType "tourn"]
[EventRounds "9"]
[EventCountry "CRO"]
[Source "lmi"]
[SourceDate "2006.03.21"]

1. e4 c5 2. Nf3 d6 3. d4 cxd4 4. Nxd4 Nf6 5. Nc3 Nc6 6. Bg5 e6 7. Qd2 a6 8.
O-O-O Bd7 9. f4 b5 10. Bxf6 gxf6 11. Nxc6 Bxc6 12. Qe3 Qe7 13. Bd3 Qa7 14. Qh3
b4 15. Ne2 Qc5 16. Kb1 a5 17. c3 Rb8 18. Rc1 a4 19. f5 e5 20. c4 h5 21. Rcd1
Ke7 22. Qf3 h4 23. g3 hxg3 24. hxg3 Bh6 25. Rh5 Qe3 26. Qxe3 Bxe3 27. Rdh1 Rxh5
28. Rxh5 Rg8 29. Kc2 Rg4 30. Rh4 Rxh4 31. gxh4 Bf2 32. h5 Kf8 33. a3 b3+ 34.
Kb1 Be1 35. Kc1 Kg7 36. Kd1 Bf2 37. Kc1 Be3+ 38. Kd1 Kh6 39. Nc3 Bd4 40. Nb5
Bxb2 41. Nxd6 Bxa3 42. Nxf7+ Kxh5 43. Nd8 Bd7 44. Nb7 Bb4 0-1

[Event "Mediteranian Flower WGM"]
[Site "Rijeka CRO"]
[Date "2006.03.16"]
[Round "7.3"]
[White "Franciskovic, Borka"]
[Black "Sargac, Rajna"]
[Result "1-0"]
[WhiteElo "2123"]
[BlackElo "2233"]
[PlyCount "129"]
[EventDate "2006.03.11"]
[EventType "tourn"]
[EventRounds "9"]
[EventCountry "CRO"]
[Source "lmi"]
[SourceDate "2006.03.21"]

1. c4 e6 2. Nf3 Nf6 3. g3 Be7 4. Bg2 O-O 5. O-O d5 6. d4 c5 7. cxd5 exd5 8. Nc3
c4 9. Ne5 Nc6 10. Bg5 h6 11. Bxf6 Bxf6 12. Bxd5 Nxe5 13. dxe5 Bxe5 14. Bxc4 Qf6
15. Qb3 Bh3 16. Nd5 Qd6 17. Rfd1 b5 18. Bxb5 a6 19. Bc4 Rab8 20. Qf3 Bxb2 21.
Rab1 Qe5 22. Bb3 Bc8 23. Ne3 Bd4 24. Nc4 Qf6 25. Qxf6 Bxf6 26. Nd6 Bg4 27.
Bxf7+ Kh7 28. Rxb8 Rxb8 29. f3 Bd7 30. Ne4 Bb5 31. Nxf6+ gxf6 32. Kf2 Rc8 33.
Be6 Rc5 34. Rd2 Kg6 35. g4 Rc1 36. h4 Rh1 37. h5+ Kg5 38. Kg2 Re1 39. Kg3 Rg1+
40. Kf2 Rh1 41. Ke3 Rf1 42. Bd7 Bc4 43. Rc2 Bf7 44. Bc8 Ra1 45. Bxa6 Rxa2 46.
Rxa2 Bxa2 47. Bc8 Bb1 48. f4+ Kh4 49. Kf3 Bc2 50. Bf5 Bd1 51. Ke3 Ba4 52. Kf3
Bb3 53. Bg6 Be6 54. Bf5 Bb3 55. Bd7 Bc2 56. Ke3 Bd1 57. Be6 Ba4 58. Ke4 Bc2+
59. Kd5 Kg3 60. g5 fxg5 61. f5 Kf4 62. f6 g4 63. f7 Bb3+ 64. Kd6 Bxe6 65. Kxe6
1-0

[Event "Mediteranian Flower WGM"]
[Site "Rijeka CRO"]
[Date "2006.03.16"]
[Round "7.4"]
[White "Golubenko, Valentina"]
[Black "Corke, Anya"]
[Result "1-0"]
[WhiteElo "2146"]
[BlackElo "2216"]
[PlyCount "79"]
[EventDate "2006.03.11"]
[EventType "tourn"]
[EventRounds "9"]
[EventCountry "CRO"]
[Source "lmi"]
[SourceDate "2006.03.21"]

1. d4 Nf6 2. Nf3 d5 3. c4 c6 4. Nc3 dxc4 5. a4 Bf5 6. e3 e6 7. Bxc4 Bb4 8. O-O
O-O 9. Qe2 Bg6 10. Ne5 Nbd7 11. Nxg6 hxg6 12. Rd1 Qa5 13. Bd2 e5 14. Be1 Rad8
15. Qc2 Nb6 16. dxe5 Nxc4 17. exf6 gxf6 18. Ne4 Nb6 19. Bxb4 Qxb4 20. Nxf6+ Kg7
21. Ne4 Rxd1+ 22. Rxd1 Rd8 23. Ra1 f5 24. Nc5 Rd2 25. Qc3+ Qxc3 26. bxc3 Nd5
27. c4 Nc3 28. Nxb7 Nd1 29. Na5 Nxf2 30. Nxc6 Ng4 31. Re1 Ra2 32. h3 Nf6 33. a5
Ra4 34. Rc1 Ne4 35. c5 Kf6 36. Kh2 Ke6 37. Nd4+ Kd7 38. c6+ Kc8 39. Ne6 Rxa5
40. Rd1 1-0

[Event "Mediteranian Flower WGM"]
[Site "Rijeka CRO"]
[Date "2006.03.16"]
[Round "7.5"]
[White "Gromova, Iulia"]
[Black "Krivec, Jana"]
[Result "1/2-1/2"]
[WhiteElo "2198"]
[BlackElo "2299"]
[PlyCount "46"]
[EventDate "2006.03.11"]
[EventType "tourn"]
[EventRounds "9"]
[EventCountry "CRO"]
[Source "lmi"]
[SourceDate "2006.03.21"]

1. d4 d5 2. c4 dxc4 3. Nf3 c5 4. d5 e6 5. Nc3 exd5 6. Qxd5 Qxd5 7. Nxd5 Bd6 8.
e4 Nc6 9. Nd2 Nd4 10. Nxc4 Bb8 11. Bd3 Ne7 12. Be3 Be6 13. Nxe7 Bxc4 14. Bxd4
cxd4 15. Bxc4 Kxe7 16. Ke2 Be5 17. Rhd1 Rac8 18. Bb3 g5 19. g3 f6 20. Rd3 h5
21. h4 g4 22. Rd2 Rhd8 23. Rad1 Rc7 1/2-1/2

[Event "Mediteranian Flower WGM"]
[Site "Rijeka CRO"]
[Date "2006.03.17"]
[Round "8.1"]
[White "Medic, Mirjana"]
[Black "Krivec, Jana"]
[Result "1/2-1/2"]
[WhiteElo "2239"]
[BlackElo "2299"]
[PlyCount "29"]
[EventDate "2006.03.11"]
[EventType "tourn"]
[EventRounds "9"]
[EventCountry "CRO"]
[Source "lmi"]
[SourceDate "2006.03.21"]

1. d4 d5 2. Nf3 Nf6 3. Bf4 c5 4. c3 Nc6 5. e3 Qb6 6. Qb3 c4 7. Qxb6 axb6 8. a3
b5 9. Nbd2 b4 10. cxb4 Nxb4 11. Rc1 Nc6 12. Be2 e6 13. O-O b5 14. Ne5 Nxe5 15.
Bxe5 1/2-1/2

[Event "Mediteranian Flower WGM"]
[Site "Rijeka CRO"]
[Date "2006.03.17"]
[Round "8.2"]
[White "Corke, Anya"]
[Black "Gromova, Iulia"]
[Result "0-1"]
[WhiteElo "2216"]
[BlackElo "2198"]
[PlyCount "110"]
[EventDate "2006.03.11"]
[EventType "tourn"]
[EventRounds "9"]
[EventCountry "CRO"]
[Source "lmi"]
[SourceDate "2006.03.21"]

1. d4 Nf6 2. Bg5 c6 3. Bxf6 gxf6 4. e3 d5 5. c4 e6 6. Nc3 Nd7 7. Nf3 Rg8 8.
cxd5 cxd5 9. Qc2 f5 10. Nb5 Bb4+ 11. Nd2 Kf8 12. a3 Be7 13. Rc1 a6 14. Nc3 Nb6
15. g3 Bd7 16. Be2 Rc8 17. h3 Bf6 18. g4 f4 19. Qxh7 fxe3 20. Qh6+ Bg7 21. Qxe3
Qf6 22. Qg3 Qe7 23. Nf3 Na4 24. O-O Nxb2 25. Nb1 Nc4 26. Nfd2 Bxd4 27. Nxc4
dxc4 28. Bxc4 Bc6 29. Rfd1 Ba7 30. Nd2 Bb8 31. Qe3 Rh8 32. Bf1 f5 33. Bg2 Kf7
34. Nf1 fxg4 35. Bxc6 Rxh3 36. Rd7 Rxe3 37. Rxe7+ Kxe7 38. Nxe3 Rxc6 39. Rb1 b5
40. a4 g3 41. axb5 Rb6 42. Re1 Rxb5 43. fxg3 Bxg3 44. Ra1 Be5 45. Rxa6 Bd4 46.
Ra3 Re5 47. Kf2 Kf6 48. Kf3 Rxe3+ 49. Rxe3 Bxe3 50. Kxe3 Ke5 51. Kf2 Kf4 52.
Ke2 Ke4 53. Ke1 Ke3 54. Kf1 e5 55. Ke1 e4 0-1

[Event "Mediteranian Flower WGM"]
[Site "Rijeka CRO"]
[Date "2006.03.17"]
[Round "8.3"]
[White "Sargac, Rajna"]
[Black "Golubenko, Valentina"]
[Result "1/2-1/2"]
[WhiteElo "2233"]
[BlackElo "2146"]
[PlyCount "76"]
[EventDate "2006.03.11"]
[EventType "tourn"]
[EventRounds "9"]
[EventCountry "CRO"]
[Source "lmi"]
[SourceDate "2006.03.21"]

1. d4 Nf6 2. c4 c5 3. d5 b5 4. cxb5 a6 5. bxa6 g6 6. Nc3 Bxa6 7. g3 d6 8. Nh3
Bg7 9. Nf4 Nbd7 10. h4 O-O 11. h5 Ne5 12. hxg6 hxg6 13. Bh3 Bc8 14. Qc2 Bxh3
15. Rxh3 Qa5 16. f3 Rfb8 17. Rb1 Nfd7 18. Kf2 Nf8 19. Ng2 Nc4 20. Rh4 Na3 21.
bxa3 Qxc3 22. Qxc3 Bxc3 23. Rxb8 Rxb8 24. Ra4 Rb1 25. Be3 Nd7 26. Rc4 Bb2 27.
Re4 Bxa3 28. Rxe7 Nf6 29. Ra7 Bb4 30. Ra6 Nxd5 31. Rxd6 Nc3 32. Rd8+ Kg7 33.
Bd2 Nxa2 34. Ke3 Rb3+ 35. Ke4 Rb2 36. Ke3 Rb3+ 37. Ke4 Rb2 38. Ke3 Rb3+ 1/2-1/2

[Event "Mediteranian Flower WGM"]
[Site "Rijeka CRO"]
[Date "2006.03.17"]
[Round "8.4"]
[White "Sudakova, Irina"]
[Black "Franciskovic, Borka"]
[Result "1-0"]
[WhiteElo "2358"]
[BlackElo "2123"]
[PlyCount "95"]
[EventDate "2006.03.11"]
[EventType "tourn"]
[EventRounds "9"]
[EventCountry "CRO"]
[Source "lmi"]
[SourceDate "2006.03.21"]

1. e4 c6 2. d4 d5 3. e5 Bf5 4. c3 e6 5. Be3 Nd7 6. Nd2 Ne7 7. f4 Bg6 8. Ngf3
Nf5 9. Bf2 h5 10. g3 Qb6 11. Qb3 a5 12. Qxb6 Nxb6 13. b3 Ba3 14. c4 dxc4 15.
bxc4 Na4 16. Rb1 Nb2 17. Be2 Nh6 18. O-O Bxb1 19. Rxb1 O-O 20. Ne1 Na4 21. Ne4
Bb4 22. Nc2 Nc3 23. Nxc3 Bxc3 24. Bxh5 b5 25. cxb5 cxb5 26. Rxb5 Rab8 27. Rc5
Rfc8 28. Bf3 Nf5 29. Kf1 Rxc5 30. dxc5 Rb2 31. Be4 Ne7 32. Ke2 Rxa2 33. Kd3 Bb4
34. Bd4 Kf8 35. Kc4 Nd5 36. Kb3 Rxc2 37. Kxc2 a4 38. Bxd5 exd5 39. f5 Ke7 40.
g4 g6 41. h4 gxf5 42. gxf5 Kf8 43. h5 Ba5 44. c6 Bc7 45. h6 Kg8 46. e6 fxe6 47.
fxe6 Bd6 48. e7 1-0